| 000 | 00000nas 2200000za 4500 |
| 001 | 9.504244 |
| 003 | CaOODSP |
| 005 | 20210420090204 |
| 007 | cr ||||||||||| |
| 008 | 150406c2005||||xxc|| p o||||f| |0fre|d |
| 040 | |aCaOODSP|bfre |
| 043 | |an-cn--- |
| 086 | 1 |aH161-2F-PDF |
| 110 | 1 |aCanada. |bDirection générale des produits de santé et des aliments. |
| 245 | 10|aPlan d'activités de la Direction générale des produits de santé et des aliments ... |h[ressource électronique] |
| 246 | 1 |iTitre alternatif : |aDirection générale des produits de santé et des aliments - plan d’activité ... |
| 260 | |aOttawa : |bSanté Canada. |
| 310 | |aIrrégulier |
| 362 | 1 |a2005-06--2007-08 |
| 500 | |aVariantes dans le sous-titre. |
| 775 | 08|tHealth Products and Food Branch ... business plan |w(CaOODSP)9.507866 |